| 000 | 00000nam##2200000za#4500 |
| 001 | 9.581201 |
| 003 | CaOODSP |
| 005 | 20210624191415 |
| 007 | cr ||||||||||| |
| 008 | 150406|1985||||xxc|||||o f|0| 0 eng|d |
| 040 | |aCaOODSP|beng |
| 043 | |an-cn--- |
| 086 | 1 |aFs97-14/161-1985E-PDF |
| 110 | 1 |aCanada. |bDepartment of Fisheries and Oceans. |
| 245 | 10|aReview of the 1981-82 British Columbia herring fishery and spawn abundance / |h[electronic resource]|cby D.D. Chalmers, R.D. Humphries and V. Miller. |
| 260 | |aNanaimo - British Columbia : |bFisheries and Oceans Canada |c1985. |
| 300 | |a77p.|bfigs., references, tables |
| 490 | 1 |aCanadian industry report of fisheries and aquatic sciences|vNo. 161 |
| 500 | |aFile reproduced from original print. On t. p. : Field Services Branch, Nanaimo, B.C. The catalogue number and ISSN for the print edition appear in the PDF version. |
| 546 | |a(Résumé en français.) |
| 590 | |a14-20-Supp|b2014-11-25 |
| 720 | 1 |aChalmers, D. D. |
| 720 | 1 |aHumphries, R. D. |
| 720 | 1 |aHumphries, V. |
| 830 | #0|aCanadian industry report of fisheries and aquatic sciences ;|vNo. 161|w(CaOODSP)9.505199 |
| 856 | 40|ahttp://publications.gc.ca|qPDF|s1270 KB|uhttps://publications.gc.ca/collections/collection_2014/mpo-dfo/Fs97-14-161-1985-eng.pdf|yNo. 161 |